Catálogo de la biblioteca Arístides Incháustegui (BAI) en el Archivo General de Nación. (Record no. 10036)

MARC details
000 -LEADER
campo de control de longitud fija 00439nam a2200145Ia 4500
001 - NÚMERO DE CONTROL
campo de control 3761
008 - DATOS DE LONGITUD FIJA--INFORMACIÓN GENERAL
campo de control de longitud fija 241024s9999 xx 000 0 und d
020 ## - NÚMERO INTERNACIONAL ESTÁNDAR DEL LIBRO
Número Internacional Estándar del Libro 978-9945-585-02-2
082 ## - NÚMERO DE LA CLASIFICACIÓN DECIMAL DEWEY
Número de clasificación R/RD/020.272D352c/2014
100 ## - ENTRADA PRINCIPAL--NOMBRE DE PERSONA
Nombre de persona Blanca Delgado Malagón
245 #0 - MENCIÓN DEL TÍTULO
Título Catálogo de la biblioteca Arístides Incháustegui (BAI) en el Archivo General de Nación.
260 ## - PUBLICACIÓN, DISTRIBUCIÓN, ETC.
Nombre del editor, distribuidor, etc. Ed. Búho
Fecha de publicación, distribución, etc. 2014
901 ## - ELEMENTOS DE DATOS A LOCAL LDA (RLIN)
a 28/4/2014 10:35:26 a.m.

No items available.

© 2024. Todos los Derechos Reservados. Desarrollado por IDEICE